000 00914nam a2200289 i 4500
003 EG-GICUC
005 20260121101731.0
008 260117s1944 uk ||||fr ||| 00| 0 eng d
040 _aEG-GICUC
_cEG-GICUC
_dEG-GICUC
_erda
_beng
041 0 _aeng
082 0 4 _221
_a341.3
_bRU . L
092 0 4 _221
099 _aLaw1 11 341.3 RU . L 1944
100 1 _aRundle,Stanley
_eAuthor.
245 1 2 _aLanguage As A Social And Political Factor In Europe /
_cStanley Rundle .
264 0 _aLondon :
_bFaber And Faber Limited ,
_c1944 .
300 _a207 Pages;
_c30 cm.
_billustrations,
336 _atext
_2rda content
337 _aComputer
_2rda media
338 _aOnline Resource
_2rda carrier
546 _aText in English
650 0 4 _aPublic international law
650 0 4 _aInternational relations
856 _uhttps://fll.law.cu.edu.eg/fulltext/th/B11-06513.pdf
905 _a59
942 _2ddc
_cBK
_e21
_n0
999 _c57317
_d57317